Cambridge English IELTS 11: (Record no. 155109)

MARC details
000 -LEADER
fixed length control field 00743nam a22001817a 4500
005 - DATE AND TIME OF LATEST TRANSACTION
control field 20180731124725.0
010 ## - LCCN (DPL NO)
LC control number B-701135
020 ## - INTERNATIONAL STANDARD BOOK NUMBER
International Standard Book Number 981316627310
Terms of availability 395.00
035 ## - SYSTEM CONTROL NUMBER
System control number B-701135
037 ## - SOURCE OF ACQUISITION
Stock number dpl
Source of stock number/acquisition R.K. Books
082 ## - DEWEY DECIMAL CLASSIFICATION NUMBER
Classification number 488.24
245 ## - TITLE STATEMENT
Title Cambridge English IELTS 11:
Remainder of title general training with answer authentic examination papers
260 ## - PUBLICATION, DISTRIBUTION, ETC. (IMPRINT)
Place of publication, distribution, etc New Delhi
Name of publisher, distributor, etc Cambridge University Press
Date of publication, distribution, etc 2017
270 ## - ADDRESS
Address Jasola District Centre, Jasola,
City New Delhi
Postal code 110025
300 ## - PHYSICAL DESCRIPTION
Extent 144p. :
Dimensions 23cm(pbk)
Accompanying material Included CD-ROM
942 ## - ADDED ENTRY ELEMENTS (KOHA)
Source of classification or shelving scheme Dewey Decimal Classification
Item type English Books
Call number suffix CAM
Classification part 488.24
Holdings
Withdrawn status Lost status Not for loan Collection code Home library Current library Date acquired Source of acquisition Cost, normal purchase price Full call number Barcode Copy number Cost, replacement price Koha item type
      Non-fiction Central Library Central Library 30/07/2018 R K Books IN 944/18-19/25.07.2018/507/25.07.2018/27.07.2018 395.00 488.24 CAM B-701135 1 395.00 English Books

© Delhi Public Library
Hit Counter
free hit counter